000 00555nam a2200205Ia 4500
001 8880
003 GE_BSU
008 181216s||||||||xx |||||||||||||| ||und||
040 _cGE_BSU
080 _a821.353.1–2
100 _aკალაძე,კარლო
245 _aროგორ
245 _bდრამა ოთხ ნაწილად
260 _aტბილისი
260 _bპ/სკ.სტ
260 _c1933
300 _a94გვ.14სმ.
653 _aდრამა ოთხ ნაწილად
942 _cBK
999 _c42187
_d42187